Knihovnícky žurnál

Bibliographic Details
Format: Journal
Language:Slovak
PhysicalDescription:2 zv. 25 cm
Published: Martin Matica slovenská 1991-1992
Subjects:

MARC

LEADER 00000cas a2200000 a 4500
001 vtls008882369
003 SK-MaSNL
005 20260228162243.0
008 150331c19911992xo sr|p 0 0 b0slo
035 |a (SVKBB03)vtls000111270 
040 |a SVKBB  |b slo  |c SVKBB  |d SNK  |e AACR2 
041 0 |a slo 
044 |a xo  |c SK 
072 7 |a 02  |x Knihovníctvo. Informatika  |2 konspekt 
080 |a 02  |2 2001 
080 |a 050  |2 2001 
080 |a 021.89  |2 2001 
245 0 0 |a Knihovnícky žurnál 
260 |a Martin  |b Matica slovenská  |c 1991-1992 
300 |a 2 zv.  |c 25 cm 
310 |a 2x mesačne 
362 0 |a Č. 1 (1991)-č. 2 (1992) 
500 |a Podnázov v tiráži: informácie o aktuálnych otázkach knihovníctva 
500 |a Red.: 1991-1992, Miroslav Vrbičan 
650 0 7 |a knihovníctvo  |2 SNKPH  |9 1557 
655 7 |a literárne časopisy  |2 SNKPH  |9 125450 
700 1 |a Vrbičan, Miroslav  |4 red  |9 270654 
910 |a snk 
916 |a 1991-1992 
958 |a OND 
999 |c 7300  |d 9230 
952 |0 0  |1 0  |4 0  |7 0  |a SNK  |b SNK  |d 2015-03-03  |f 1  |i snkČSP 669/93  |l 0  |o snkČSD 1833/1991  |p 17A0874506  |r 2026-02-21 21:04:45  |t č. 1-10  |w 2026-02-21  |y PREZ 
952 |0 0  |1 0  |4 0  |7 0  |a SNK  |b SNK  |d 2015-03-03  |f 1  |i snkČSP 3741/94  |l 0  |o snkČSD 1833/1992  |p 17A0874505  |r 2026-02-21 21:04:45  |t č. 1-2  |w 2026-02-21  |y PREZ